000 00747nam a2200229Ia 4500
003 GCL
005 20240530095313.0
008 140319s9999 xx 000 0 ara d
020 _a7131312977
040 _aGCL /
_cGCL
082 0 4 _a962.16
_bق/أ أ
100 1 _aاحمد عادل كمال
245 1 0 _aاطلس تاريخ القاهرة /
_cاحمد عادل كمال
250 _aالاولى
260 _aالقاهرة :
_bدار السلام للطباعة والنشر والتوزيع ،
_c2004
300 _a304 ص ؛
_c30 سم
650 0 4 _aالقاهرة
650 0 4 _aالقاهرة - اثار
650 0 4 _aالقاهرة - تاريخ
650 0 4 _aالقاهرة - المبانى التاريخية
942 _2ddc
_cBK
999 _c5963
_d5963